Guess the Taylor Swift Song (Fearless TV) 15 - Statistics

General Stats
  • This quiz has been taken 10 times
  • The average score is 179 of 229
Answer Stats
Answer % Correct
a
100%
all
100%
And
100%
and
100%
go
100%
I
100%
I,
100%
I'm
100%
in
100%
the
100%
to
100%
with
100%
you
100%
your
100%
But
88%
can
88%
Cause
88%
I'll
88%
know
88%
my
88%
That
88%
that
88%
there
88%
too
88%
up
88%
what
88%
who
88%
why
88%
by
75%
come
75%
down,
75%
every
75%
for
75%
here
75%
Just
75%
me
75%
night
75%
rain
75%
say
75%
sky
75%
so
75%
wait
75%
where
75%
wind,
75%
you'll
75%
anymore
63%
back
63%
call
63%
could
63%
don't
63%
door
63%
even
63%
have
63%
leave
63%
let
63%
man
63%
name
63%
name,
63%
open
63%
reasons
63%
steps
63%
Talk
63%
talk
63%
tired
63%
wanna
63%
window
63%
else
50%
find
50%
got
50%
heart
50%
hoping
50%
oh
50%
right
50%
sing
50%
song
50%
these
50%
at
38%
clear
38%
far
38%
games
38%
I've
38%
laugh
38%
long,
38%
put
38%
stand
38%
start
38%
watched
38%
screamed
25%
tears
25%
yourself,
25%
No matching quizzes found
Score Distribution
Percent of People with Each Score
Percentile by Number Answered
Your Score History
You have not taken this quiz